000
00273nam a22001217a 4500
008
180222b xxu||||| |||| 00| 0 eng d
041
_a
eng
080
_a
32
100
_a
23
101
_a
POL
245
_a
ESSENTIALS OF AMERICAN GONVERNMENT
_c
RAY.P.O
942
_2
udc
_c
BK
999
_c
43197
_d
43197